<?xml version="1.0" encoding="UTF-8"?>
<collection xmlns="http://www.loc.gov/MARC21/slim">
 <record>
  <leader>00372pamaa2200145   4500</leader>
  <controlfield tag="001">0000036077</controlfield>
  <controlfield tag="005">20110405090000.0</controlfield>
  <datafield tag="020" ind1="0" ind2="0">
   <subfield code="a">0140445102 (PBK) </subfield>
  </datafield>
  <datafield tag="082" ind1=" " ind2=" ">
   <subfield code="a">808 ARI</subfield>
  </datafield>
  <datafield tag="090" ind1="0" ind2="0">
   <subfield code="a">PE1408 </subfield>
   <subfield code="b">ARI 1991</subfield>
  </datafield>
  <datafield tag="100" ind1="1" ind2="0">
   <subfield code="a">ARISTOTLE </subfield>
  </datafield>
  <datafield tag="245" ind1="1" ind2="4">
   <subfield code="a">THE Art of Rhetoric  </subfield>
   <subfield code="c">Aristotle.</subfield>
  </datafield>
  <datafield tag="260" ind1="0" ind2="0">
   <subfield code="a">London: </subfield>
   <subfield code="b">Penguin Books, </subfield>
   <subfield code="c">1991.</subfield>
  </datafield>
  <datafield tag="300" ind1=" " ind2=" ">
   <subfield code="a">xii, 291p.; </subfield>
   <subfield code="c">20cm.</subfield>
  </datafield>
  <datafield tag="650" ind1="0" ind2="0">
   <subfield code="a">Rhetoric - periodicals </subfield>
  </datafield>
 </record>
</collection>
